000
00305 a2200109 4500
001
ART_30504
005
20260410162003.0
008
260409a
245
1
0
_a
La arrogancia del racionalismo
100
1
_a
Ballesteros, Jorge
773
0
_t
Foro polĂtico
_g
- Vol. XX (ago. 1997)
_w
REV30389
999
_c
31476
_d
31476